Normal view MARC view

Entry Personal Name

Number of records used in: 1

001 - CONTROL NUMBER

  • control field: 623845

003 - CONTROL NUMBER IDENTIFIER

  • control field: OSt

005 - DATE AND TIME OF LATEST TRANSACTION

  • control field: 20221005104951.0

008 - FIXED-LENGTH DATA ELEMENTS

  • fixed length control field: 221005|| aca||aabn | a|a d

040 ## - CATALOGING SOURCE

  • Original cataloging agency: OSt
  • Transcribing agency: OSt

100 ## - HEADING--PERSONAL NAME

  • Personal name: यादव, बीर पाल सिंह, संपा

670 ## - SOURCE DATA FOUND

  • Source citation: Work cat.: (OSt)1014328: यादव, बीर पाल सिंह, संपा., दलित मुक्ति के प्रश्न वाया मुक्ति - पथ, 2010
Copyright @ Delhi University Library System